| 000 | 00422nam a22001697a 4500 | ||
|---|---|---|---|
| 003 | MPLRDC | ||
| 005 | 20220104142839.0 | ||
| 008 | 210129b ||||| |||| 00| 0 eng d | ||
| 082 | _a496.5 SXXZZ | ||
| 100 | _a松下幸之助 | ||
| 245 |
_a待客与销售 _c李雪芳编译 |
||
| 250 | _a初版 | ||
| 260 |
_a _b名望出版社 _c1984 |
||
| 300 | _b平 | ||
| 650 | _a推销策略; 贩卖术 | ||
| 942 |
_cBK _o496.5 SXXZZ |
||
| 999 |
_c34198 _d34188 |
||